[Event "Bayern-ch Seniors 19th"]
[Site "Schloss Schney"]
[Date "2007.06.17"]
[Round "7"]
[White "Rosmann, Armin"]
[Black "Fiedler, Werner"]
[Result "0-1"]
[WhiteElo "1514"]
[BlackElo "1643"]
[PlyCount "74"]
[EventDate "2007.06.12"]
[EventType "swiss"]
[EventRounds "9"]
[EventCountry "GER"]
[SourceTitle "EXT 2008"]
[Source "ChessBase"]
[SourceDate "2007.11.25"]
[SourceVersion "1"]
[SourceVersionDate "2007.11.25"]
[SourceQuality "1"]

1. Nf3 d5 2. d4 c6 3. c4 e6 4. Nc3 Nf6 5. Bg5 Be7 6. e3 Nbd7 7. Bd3 h6 8. Bh4 0-0 9. Qc2 Re8 10. h3 a6 11. b3 Nf8 12. Ne5 N6d7 13. Bxe7 Qxe7 14. Nf3 Nf6 15. Ne5 c5 16. Ne2 Qd6 17. 0-0 b6 18. Rad1 Bb7 19. Nf4 Rac8 20. Be2 Rc7 21. Qb2 Rec8 22. dxc5 bxc5 23. Bf3 Rd8 24. Rd2 N8d7 25. Nxd7 Rcxd7 26. cxd5 exd5 27. Rfd1 d4 28. Bxb7 Rxb7 29. g3 Rbd7 30. Ne2 Ne4 31. Rd3 Ng5 32. Nf4 Qc6 33. Kf1 Nf3 34. Ng2 Ne5 35. R3d2 Qb5+ 36. Re2 d3 37. Ree1 Nf3 0-1

[Event "Bayern-ch Seniors 19th"]
[Site "Schloss Schney"]
[Date "2007.06.15"]
[Round "4"]
[White "Fiedler, Werner"]
[Black "Klose, Hans Peter"]
[Result "1-0"]
[WhiteElo "1643"]
[BlackElo "1467"]
[PlyCount "138"]
[EventDate "2007.06.12"]
[EventType "swiss"]
[EventRounds "9"]
[EventCountry "GER"]
[SourceTitle "EXT 2008"]
[Source "ChessBase"]
[SourceDate "2007.11.25"]
[SourceVersion "1"]
[SourceVersionDate "2007.11.25"]
[SourceQuality "1"]

1. Nf3 Nf6 2. g3 g6 3. Bg2 Bg7 4. 0-0 0-0 5. d3 d6 6. Nbd2 Nc6 7. c3 Rb8 8. e4 a6 9. d4 b5 10. a3 Na5 11. Qe2 Bd7 12. Re1 h6 13. b4 Nc6 14. Bb2 Qc8 15. Rac1 Bh3 16. c4 Bxg2 17. Kxg2 Re8 18. cxb5 Nd8 19. bxa6 Nd7 20. Qc4 Ne6 21. Rc2 Ra8 22. b5 Nb6 23. Qb3 Qd7 24. a4 Reb8 25. Rec1 Nc8 26. Qe3 Kh7 27. Qa3 g5 28. Nb3 g4 29. Nh4 Bf6 30. Nf5 Ra7 31. Na5 Rb6 32. Nc6 Bg5 33. Rd1 Ra8 34. Qd3 Na7 35. Nxa7 Rxa7 36. Ne3 Rb8 37. Nd5 Rf8 38. Bc1 f6 39. Be3 Bxe3 40. Nxe3 Ng5 41. Rdc1 Nf3 42. Qc4 Ng5 43. Qxc7 Rxc7 44. Rxc7 Qe6 45. e5 fxe5 46. dxe5 Qxe5 47. b6 Qe4+ 48. Kf1 Nh3 49. Rxe7+ Qxe7 50. Rc7 Rxf2+ 51. Ke1 Rf7 52. Rxe7 Rxe7 53. b7 Rxe3+ 54. Kd2 Rb3 55. a7 Rxb7 56. a8Q Rf7 57. Qe4+ Kh8 58. Qxg4 Rf2+ 59. Kc3 Rxh2 60. Qd4+ Kh7 61. Qxd6 Ng5 62. Qe7+ Kg6 63. a5 Rh3 64. Kb4 Rxg3 65. a6 Rg2 66. a7 Rb2+ 67. Ka3 Rb6 68. Qc7 Ra6+ 69. Kb4 Ne6 1-0

[Event "Bayern-ch Seniors 18th"]
[Site "Schloss Schney"]
[Date "2006.07.02"]
[Round "8"]
[White "Mueller, Lothar"]
[Black "Fiedler, Werner"]
[Result "0-1"]
[WhiteElo "1412"]
[BlackElo "1629"]
[PlyCount "50"]
[EventDate "2006.06.25"]
[EventType "swiss"]
[EventRounds "9"]
[EventCountry "GER"]
[SourceTitle "EXT 2007"]
[Source "ChessBase"]
[SourceDate "2006.11.23"]
[SourceVersion "1"]
[SourceVersionDate "2006.11.23"]
[SourceQuality "1"]

1. e4 c5 2. c3 Nc6 3. d4 cxd4 4. cxd4 e6 5. Nf3 Nf6 6. Nc3 Bb4 7. Bd3 h6 8. 0-0 0-0 9. a3 Ba5 10. e5 Ne8 11. Ne4 d5 12. Ng3 Bb6 13. Be3 f6 14. Bc2 Bd7 15. Qd3 f5 16. Nh5 a6 17. Nf4 Ne7 18. a4 g5 19. Nh5 Ng6 20. g4 Qe7 21. gxf5 exf5 22. Qb3 Qe6 23. Kh1 Rc8 24. Rg1 Bd8 25. Qxb7 Rxc2 0-1

[Event "Bayern-ch Seniors 18th"]
[Site "Schloss Schney"]
[Date "2006.06.27"]
[Round "3"]
[White "Fiedler, Werner"]
[Black "Schmidt, Wolfgang4444"]
[Result "0-1"]
[WhiteElo "1629"]
[BlackElo "1627"]
[PlyCount "86"]
[EventDate "2006.06.25"]
[EventType "swiss"]
[EventRounds "9"]
[EventCountry "GER"]
[SourceTitle "EXT 2007"]
[Source "ChessBase"]
[SourceDate "2006.11.23"]
[SourceVersion "1"]
[SourceVersionDate "2006.11.23"]
[SourceQuality "1"]

1. d4 Nf6 2. Bg5 e6 3. Nd2 Be7 4. Ngf3 d5 5. e3 Nbd7 6. Bd3 h6 7. Bh4 a5 8. c3 b6 9. Qe2 0-0 10. 0-0 Nh7 11. Bxe7 Qxe7 12. e4 c6 13. Rae1 Re8 14. exd5 cxd5 15. Bb5 Rf8 16. Ne5 Nxe5 17. Qxe5 Ba6 18. Bxa6 Rxa6 19. Qxd5 Rfa8 20. Nf3 Nf6 21. Qe5 Qd7 22. h3 b5 23. Re2 Rc8 24. Qe3 b4 25. Ne5 Qb7 26. c4 Nd7 27. b3 a4 28. Rb1 Nxe5 29. Qxe5 axb3 30. axb3 Ra3 31. Rd2 Qa7 32. Rdd1 Ra2 33. Qe1 Qa3 34. Qe4 Qa7 35. Qe1 Qa3 36. Rd2 Rxd2 37. Qxd2 Ra8 38. d5 exd5 39. Qxd5 Re8 40. Qf3 Qa2 41. Rd1 Qa7 42. Qc6 Qb8 43. Qd6 Re1+ 0-1

[Event "Bayern-ch Seniors 16th"]
[Site "Schloss Schney"]
[Date "2004.06.06"]
[Round "1"]
[White "Fiedler, Werner"]
[Black "Ambros, Hans"]
[Result "1-0"]
[WhiteElo "1702"]
[BlackElo "1184"]
[PlyCount "41"]
[EventDate "2004.06.06"]
[EventType "swiss"]
[EventRounds "9"]
[EventCountry "GER"]
[SourceTitle "EXT 2006"]
[Source "ChessBase"]
[SourceDate "2005.11.24"]
[SourceVersion "1"]
[SourceVersionDate "2005.11.24"]
[SourceQuality "1"]

1. Nf3 d5 2. d4 Bf5 3. e3 e6 4. Bd3 Nf6 5. Bxf5 exf5 6. c3 Bd6 7. Qc2 g6 8. 0-0 Qe7 9. a3 Ne4 10. c4 dxc4 11. Nbd2 Nc6 12. Nxc4 0-0-0 13. b4 a6 14. Bb2 Na7 15. Rac1 g5 16. Rfd1 h5 17. Nxd6+ Rxd6 18. Ne5 f6 19. Ng6 Qg7 20. Nxh8 Qxh8 21. Qxc7# 1-0

[Event "Bayern-ch Seniors 15th"]
[Site "Schloss Schney"]
[Date "2003.06.15"]
[Round "3.24"]
[White "Fiedler, Werner"]
[Black "Grueneschild, Hildegard"]
[Result "1/2-1/2"]
[WhiteElo "1716"]
[BlackElo "1486"]
[PlyCount "182"]
[EventDate "2003.06.13"]
[EventType "swiss"]
[EventRounds "9"]
[EventCountry "GER"]
[SourceTitle "EXT 2004"]
[Source "ChessBase"]
[SourceDate "2003.11.25"]
[SourceVersion "1"]
[SourceVersionDate "2003.11.25"]
[SourceQuality "1"]

1. Nf3 Nf6 2. d4 g6 3. Nbd2 Bg7 4. e4 d6 5. Bd3 0-0 6. 0-0 Nbd7 7. b3 e5 8. Bb2 Nh5 9. dxe5 Nxe5 10. Nxe5 dxe5 11. Nc4 Qg5 12. Bc1 Nf4 13. Qf3 h5 14. Qg3 Qxg3 15. hxg3 Ne6 16. Be3 a6 17. Rad1 Nd4 18. Nd2 b5 19. f4 Bg4 20. Rde1 exf4 21. gxf4 Rad8 22. Rf2 h4 23. Ref1 h3 24. g3 f5 25. e5 Rfe8 26. Re1 Bf8 27. Bxd4 Rxd4 28. Nf3 Rdd8 29. Rff1 Bb4 30. Rb1 Bc5+ 31. Kh2 Kg7 32. Ng5 Rd4 33. Rbe1 Bb4 34. Rb1 Bc5 35. Rh1 Rdd8 36. Rbf1 Bb4 37. Nxh3 Rh8 38. Kg2 Rxh3 39. Rxh3 Bxh3+ 40. Kxh3 Rd4 41. Rh1 Rd8 42. Kg2 Be7 43. Kf3 c5 44. g4 fxg4+ 45. Kxg4 Rd4 46. Kf3 c4 47. Be4 Bc5 48. Rh2 cxb3 49. axb3 Rd1 50. Bd3 Rg1 51. Rg2 Rxg2 52. Kxg2 Kf7 53. Kf3 Be7 54. Be4 a5 55. Bd5+ Kg7 56. Bc6 b4 57. Ke4 Kf7 58. Bd7 Bd8 59. Kd5 Ke7 60. Bb5 Kf7 61. Bd3 g5 62. f5 g4 63. Be4 g3 64. Kd6 Bg5 65. Bd5+ Ke8 66. f6 Kf8 67. Ke6 Bf4 68. Kf5 Be3 69. e6 Bc5 70. Ke5 Ke8 71. Bc6+ Kf8 72. Bg2 Ke8 73. Kd5 Bb6 74. Kd6 Bd4 75. f7+ Kf8 76. Bd5 Bf6 77. Kd7 Be7 78. Kc7 Bg5 79. Kb6 Ke7 80. Kxa5 Bd2 81. Kb5 Kf8 82. Kc5 Ke7 83. Kd4 Bc3+ 84. Kd3 Bg7 85. Kc4 Bc3 86. Kc5 Bd2 87. Kd4 Bc3+ 88. Ke3 Bg7 89. Kf3 Be5 90. Kg4 Bd6 91. Kf5 Kf8 1/2-1/2

[Event "Bayern-ch Seniors 14th"]
[Site "Schloss Schney"]
[Date "2002.06.03"]
[Round "4"]
[White "Fiedler, Werner"]
[Black "Witzgall, Hermann"]
[Result "1-0"]
[WhiteElo "1714"]
[BlackElo "1374"]
[PlyCount "89"]
[EventDate "2002.05.31"]
[EventType "swiss"]
[EventRounds "9"]
[EventCountry "GER"]
[SourceTitle "EXT 2003"]
[Source "ChessBase"]
[SourceDate "2002.11.25"]
[SourceVersion "1"]
[SourceVersionDate "2002.11.25"]
[SourceQuality "1"]

1. Nf3 Nf6 2. d4 d5 3. h3 h6 4. Nbd2 Bf5 5. e3 e6 6. c3 Bd6 7. Be2 0-0 8. 0-0 a6 9. b3 Nc6 10. Bb2 Re8 11. Rc1 Ne4 12. a3 b5 13. c4 bxc4 14. bxc4 Rb8 15. cxd5 Rxb2 16. Rxc6 Nxd2 17. Nxd2 exd5 18. Rxa6 Qg5 19. Nf3 Qe7 20. a4 Reb8 21. Bb5 Bd7 22. Qc1 Rb4 23. Bxd7 Qxd7 24. Ne5 Qc8 25. Qc6 R4b6 26. Rxb6 Rxb6 27. Qxd5 Bxe5 28. Qxe5 Re6 29. Qc5 Qd7 30. a5 Rc6 31. Qb5 Qd6 32. Qe5 Qxe5 33. dxe5 Ra6 34. Ra1 Kf8 35. Kf1 Ke7 36. Ke2 f6 37. exf6+ gxf6 38. Kd3 Kd6 39. Kc4 c6 40. Rd1+ Ke5 41. Ra1 f5 42. f3 f4 43. e4 Kd6 44. Ra4 h5 45. h4 1-0

[Event "Bayern-ch Seniors 14th"]
[Site "Schloss Schney"]
[Date "2002.06.02"]
[Round "3"]
[White "Melzig, Ernst"]
[Black "Fiedler, Werner"]
[Result "1/2-1/2"]
[WhiteElo "1394"]
[BlackElo "1714"]
[PlyCount "71"]
[EventDate "2002.05.31"]
[EventType "swiss"]
[EventRounds "9"]
[EventCountry "GER"]
[SourceTitle "EXT 2003"]
[Source "ChessBase"]
[SourceDate "2002.11.25"]
[SourceVersion "1"]
[SourceVersionDate "2002.11.25"]
[SourceQuality "1"]

1. b4 e5 2. Bb2 d6 3. e3 Nf6 4. c4 Be7 5. Nf3 0-0 6. Be2 Bg4 7. h3 Bh5 8. 0-0 Nbd7 9. Nc3 c5 10. b5 h6 11. d3 Re8 12. Nd2 Bg6 13. Bf3 Bxd3 14. Re1 Rb8 15. e4 Nb6 16. Qb3 d5 17. exd5 Bd6 18. Nce4 Nxe4 19. Bxe4 Bxe4 20. Nxe4 f5 21. Nxd6 Qxd6 22. Rac1 Re7 23. Qe3 Rbe8 24. Ba3 Nd7 25. Rc2 b6 26. Bb2 Nf6 27. f3 f4 28. Qf2 e4 29. Bxf6 Qxf6 30. fxe4 Rxe4 31. Rcc1 g5 32. Rxe4 Rxe4 33. Rd1 Kf8 34. Rc1 Qe5 35. Kf1 Re3 36. Re1 1/2-1/2

[Event "Bayern-ch Seniors 14th"]
[Site "Schloss Schney"]
[Date "2002.05.31"]
[Round "1"]
[White "Niebling, Ferdinand"]
[Black "Fiedler, Werner"]
[Result "1-0"]
[WhiteElo "2098"]
[BlackElo "1714"]
[PlyCount "71"]
[EventDate "2002.05.31"]
[EventType "swiss"]
[EventRounds "9"]
[EventCountry "GER"]
[SourceTitle "EXT 2003"]
[Source "ChessBase"]
[SourceDate "2002.11.25"]
[SourceVersion "1"]
[SourceVersionDate "2002.11.25"]
[SourceQuality "1"]

1. e4 c5 2. Nc3 Nc6 3. f4 a6 4. Nf3 d6 5. d3 Nf6 6. g3 Bg4 7. h3 Bxf3 8. Qxf3 Nd4 9. Qf2 e5 10. Bg2 Be7 11. 0-0 0-0 12. Nd1 Rc8 13. c3 Ne6 14. Ne3 b5 15. Bd2 c4 16. dxc4 bxc4 17. Nf5 Nc5 18. Qe2 Re8 19. Rad1 Bf8 20. fxe5 dxe5 21. Bg5 Qb6 22. Kh2 Qe6 23. Bxf6 Qxf6 24. Nd6 Qe6 25. Nxc8 Rxc8 26. h4 Qb6 27. Qxc4 Rc7 28. Rd2 Ne6 29. Qb3 Qe3 30. Rdf2 Qh6 31. Bh3 Nf4 32. gxf4 Qxh4 33. fxe5 Qxe4 34. Rxf7 Qxe5+ 35. R7f4+ Kh8 36. Kh1 1-0

[Event "Bayern-ch Seniors 13th"]
[Site "Schloss Schney"]
[Date "2001.??.??"]
[Round "2"]
[White "Baumann, Walter"]
[Black "Fiedler, Werner"]
[Result "1-0"]
[WhiteElo "1725"]
[BlackElo "1722"]
[PlyCount "91"]
[EventDate "2001.06.??"]
[EventType "swiss"]
[EventRounds "9"]
[EventCountry "GER"]
[SourceTitle "EXT 2006"]
[Source "ChessBase"]
[SourceDate "2005.11.24"]
[SourceVersion "1"]
[SourceVersionDate "2005.11.24"]
[SourceQuality "1"]

1. d4 Nf6 2. Nf3 e6 3. c4 d5 4. Bg5 Be7 5. e3 Nbd7 6. Nc3 c6 7. Rc1 0-0 8. Bd3 dxc4 9. Bxc4 Nd5 10. Bxe7 Qxe7 11. 0-0 Nxc3 12. Rxc3 Nb6 13. Bb3 Rd8 14. Qe2 Nd7 15. Rd1 Re8 16. Ne5 Nf6 17. e4 Bd7 18. Bc2 Rac8 19. Qd3 Red8 20. Nc4 g6 21. Ra3 Ra8 22. e5 Nd5 23. Nd6 Be8 24. Qf3 f5 25. Bb3 Kg7 26. Bxd5 exd5 27. Qf4 b6 28. Rg3 Kh8 29. Qh6 Rd7 30. h4 Rxd6 31. exd6 Qxd6 32. Re3 Bf7 33. Rde1 Qf6 34. Re7 Kg8 35. R1e5 c5 36. Qf4 a5 37. Rb7 Rf8 38. Qg5 Qxg5 39. hxg5 cxd4 40. Ree7 d3 41. Kf1 a4 42. Ke1 Re8 43. Rxe8+ Bxe8 44. Rxb6 Kg7 45. Kd2 f4 46. Kxd3 1-0

[Event "Bayern-ch Seniors 13th"]
[Site "Schloss Schney"]
[Date "2001.??.??"]
[Round "9"]
[White "Fiedler, Werner"]
[Black "Scheuerlein, Gerhard"]
[Result "1-0"]
[WhiteElo "1722"]
[BlackElo "1691"]
[PlyCount "93"]
[EventDate "2001.06.??"]
[EventType "swiss"]
[EventRounds "9"]
[EventCountry "GER"]
[SourceTitle "EXT 2006"]
[Source "ChessBase"]
[SourceDate "2005.11.24"]
[SourceVersion "1"]
[SourceVersionDate "2005.11.24"]
[SourceQuality "1"]

1. Nf3 f5 2. g3 Nf6 3. Bg2 c6 4. d4 e6 5. Nbd2 d5 6. 0-0 Bd6 7. b3 h6 8. Bb2 0-0 9. e3 Bd7 10. c4 Be8 11. Qc2 Nbd7 12. Rac1 Bg6 13. Ne5 Bh7 14. Qd1 g5 15. Ndf3 Rc8 16. Qe2 Qe8 17. Qd1 Rd8 18. Qe1 Nh5 19. Nxd7 Rxd7 20. Qc3 Rg7 21. Ne5 f4 22. exf4 gxf4 23. Rce1 fxg3 24. fxg3 Nf6 25. Bc1 Qh5 26. Bf4 Be4 27. Qd2 Bxg2 28. Qxg2 Ne4 29. Rxe4 dxe4 30. Qxe4 Bxe5 31. Bxe5 Rxf1+ 32. Kxf1 Qh3+ 33. Kg1 Qf5 34. Qxf5 exf5 35. Kf2 Kf7 36. Bxg7 Kxg7 37. Ke3 Kf6 38. Kf4 a5 39. a4 Ke6 40. h3 Kf6 41. g4 fxg4 42. hxg4 Ke6 43. Ke4 Kf6 44. d5 c5 45. Kf4 Ke7 46. Ke5 Kd7 47. Kf6 1-0

[Event "Bayern-ch Seniors 13th"]
[Site "Schloss Schney"]
[Date "2001.??.??"]
[Round "3"]
[White "Fiedler, Werner"]
[Black "Thonig, Manfred"]
[Result "1-0"]
[WhiteElo "1722"]
[BlackElo "1599"]
[PlyCount "121"]
[EventDate "2001.06.??"]
[EventType "swiss"]
[EventRounds "9"]
[EventCountry "GER"]
[SourceTitle "EXT 2006"]
[Source "ChessBase"]
[SourceDate "2005.11.24"]
[SourceVersion "1"]
[SourceVersionDate "2005.11.24"]
[SourceQuality "1"]

1. d4 f5 2. Nf3 b6 3. g3 Bb7 4. Bg2 Nf6 5. Nbd2 e6 6. 0-0 d6 7. c3 Be7 8. Qb3 d5 9. Ng5 Bc8 10. Ndf3 Ne4 11. Nxe4 fxe4 12. Ne5 0-0 13. f3 Bb7 14. fxe4 Rxf1+ 15. Bxf1 Bf6 16. Bg2 Bxe5 17. dxe5 Na6 18. Be3 c5 19. exd5 Bxd5 20. Bxd5 exd5 21. Rd1 c4 22. Qb5 Nc7 23. Qc6 Rb8 24. Qd6 Qc8 25. Bf4 Rb7 26. Qc6 Rb8 27. Rf1 Qb7 28. Qd6 Re8 29. Rd1 Re6 30. Qd7 Qc6 31. Qc8+ Kf7 32. Rf1 Kg6 33. Qd8 Qc5+ 34. Kg2 Qe7 35. Qxe7 Rxe7 36. h4 Ne6 37. e3 h6 38. Rd1 Rd7 39. Kf3 h5 40. g4 hxg4+ 41. Kxg4 Nc5 42. h5+ Kh7 43. Rd2 Nd3 44. Kf5 Kg8 45. e6 Rd8 46. e7 Re8 47. Bg5 Kf7 48. e4 dxe4 49. Kxe4 Ke6 50. Re2 b5 51. Kd4+ Kf5 52. Rg2 Nf4 53. Bxf4 Kxf4 54. Rxg7 Kf5 55. h6 Kf6 56. Kc5 a6 57. Kd6 Ra8 58. Rg1 a5 59. Rf1+ Kg6 60. Rf8 Ra6+ 61. Kc5 1-0

[Event "Bayern-ch Seniors 11th"]
[Site "Schloss Schney"]
[Date "1999.??.??"]
[Round "8"]
[White "Groenegress, Wilfried"]
[Black "Fiedler, Werner"]
[Result "1/2-1/2"]
[WhiteElo "2107"]
[BlackElo "1810"]
[PlyCount "28"]
[EventDate "1999.11.??"]
[EventType "swiss"]
[EventRounds "9"]
[EventCountry "GER"]
[SourceTitle "EXT 2002"]
[Source "ChessBase"]
[SourceDate "2001.11.25"]
[SourceVersion "1"]
[SourceVersionDate "2001.11.25"]
[SourceQuality "1"]

1. e4 c5 2. c3 d5 3. exd5 Qxd5 4. d4 cxd4 5. cxd4 Nc6 6. Nf3 e6 7. Nc3 Bb4 8. Bd2 Bxc3 9. Bxc3 Nf6 10. Bd3 0-0 11. 0-0 Rd8 12. Qe2 Qh5 13. Rad1 Ne7 14. Qe5 Ned5 1/2-1/2

[Event "Bayern-ch Seniors 10th"]
[Site "Schloss Schney"]
[Date "1998.??.??"]
[Round "1"]
[White "Fiedler, Werner"]
[Black "Schurig, Wilhelm"]
[Result "0-1"]
[WhiteElo "1828"]
[BlackElo "2125"]
[PlyCount "130"]
[EventDate "1998.07.03"]
[EventType "swiss"]
[EventRounds "9"]
[EventCountry "GER"]
[SourceTitle "EXT 2006"]
[Source "ChessBase"]
[SourceDate "2005.11.24"]
[SourceVersion "1"]
[SourceVersionDate "2005.11.24"]
[SourceQuality "1"]

1. Nf3 g6 2. c4 Bg7 3. d4 c5 4. e3 Nf6 5. Nc3 0-0 6. Be2 b6 7. 0-0 Bb7 8. d5 d6 9. e4 Na6 10. h3 Nc7 11. Be3 a6 12. a4 Rb8 13. Nd2 Bc8 14. Rb1 Nd7 15. f4 Bd4 16. Bf2 e6 17. Nf3 Bxf2+ 18. Rxf2 exd5 19. exd5 Nf6 20. Ng5 h6 21. Nge4 Nxe4 22. Nxe4 Bf5 23. Bd3 Bxe4 24. Bxe4 f5 25. Bf3 a5 26. Qd2 Qf6 27. Re1 Rbe8 28. Rfe2 Rxe2 29. Rxe2 Re8 30. Rxe8+ Nxe8 31. g4 Qd4+ 32. Qxd4 cxd4 33. Kf2 Nc7 34. Ke2 Na6 35. Kd3 Nc5+ 36. Kxd4 Nxa4 37. b3 Nc5 38. Kc3 Kg7 39. b4 Na6 40. bxa5 bxa5 41. Bd1 Nc5 42. Kd4 Kf6 43. Bc2 fxg4 44. hxg4 g5 45. f5 Nd7 46. Bd1 Nc5 47. Bc2 Ke7 48. Kc3 Nd7 49. Kd4 Kd8 50. Ba4 Ne5 51. Bd1 Nd7 52. Ba4 Nf6 53. Bd1 Kc7 54. c5 dxc5+ 55. Kxc5 Ne4+ 56. Kd4 Nf2 57. Bf3 a4 58. f6 Kd6 59. Kc3 a3 60. Kb3 Nd3 61. Kxa3 Ne5 62. Bd1 Kxd5 63. Bb3+ Kd6 64. f7 Nxg4 65. Kb4 Ke7 0-1

[Event "Bayern-ch Seniors 09th"]
[Site "Schloss Schney"]
[Date "1997.??.??"]
[Round "2"]
[White "Hahn, Richard"]
[Black "Fiedler, Werner"]
[Result "1-0"]
[WhiteElo "1705"]
[BlackElo "1810"]
[PlyCount "101"]
[EventDate "1997.??.??"]
[EventType "swiss"]
[EventRounds "9"]
[EventCountry "GER"]
[SourceTitle "EXT 1999"]
[Source "ChessBase"]
[SourceDate "1998.11.16"]
[SourceVersion "1"]
[SourceVersionDate "1998.11.16"]
[SourceQuality "1"]

1. c4 Nf6 2. g3 e5 3. Bg2 Nc6 4. Nc3 g6 5. d3 Bg7 6. Nf3 d6 7. 0-0 0-0 8. Bg5 Be6 9. Nd2 Qd7 10. Bxf6 Bxf6 11. Nd5 Bd8 12. Ne4 f5 13. Nec3 Ne7 14. f4 c6 15. Nxe7+ Qxe7 16. b3 Rc8 17. Rc1 Bb6+ 18. Kh1 Be3 19. Rc2 Qf6 20. Rf3 exf4 21. gxf4 Qd4 22. Qf1 Bf7 23. Nd1 Rfe8 24. Nxe3 Rxe3 25. Rxe3 Qxe3 26. Qf3 Qd4 27. e4 Re8 28. h3 fxe4 29. dxe4 d5 30. cxd5 cxd5 31. e5 Rd8 32. Kh2 Be6 33. Qf2 Qxf2 34. Rxf2 Bf5 35. Rd2 Be6 36. Kg3 b6 37. Rd4 Kg7 38. h4 Rd7 39. Bf3 Kf7 40. h5 Kg7 41. hxg6 hxg6 42. Kh4 Kh6 43. Bg4 Bf5 44. e6 Rd8 45. Bxf5 gxf5 46. e7 Re8 47. Rxd5 Rxe7 48. Rd6+ Kg7 49. Kg5 Kf7 50. Kxf5 Ke8 51. Re6 1-0